Bilecik Bilecik Bilecik Bilecik Bilecik

Korkunç yıllar/ (Record no. 9384)

MARC details
000 -BAŞLIK
Sabit Uzunluktaki Kontrol Alanı 01467nam a22003257a 4500
001 - KONTROL NUMARASI
Control Dosyası 0009412
003 - KONTROL NUMARASI KİMLİĞİ
Kontrol Alanı KOHA_MİRAKIL
005 - EN SON İŞLEM TARİHİ ve ZAMANI
Kontrol Alanı 20260207001708.0
007 - FİZİKSEL TANIM SABİT ALAN - GENEL BİLGİ
Sabit uzunluklu kontrol alanı ta
008 - SABİT UZUNLUKTAKİ VERİ ÖGELERİ - GENEL BİLGİ
Sabit Alan 101126b2007 tu |||gr||||#0|||1|tur |
020 ## - ISBN - ULUSLARARASI STANDART KİTAP NUMARASI
Isbn 9789754370621
040 ## - KATALOGLAMA KAYNAĞI
Özgün Kataloglama Kurumu TR-BiSEU
Kataloglama Dili tur
Çeviri Kurumu TR-BiSEU
Açıklama Kuralları rda
041 0# - DİL KODU
Metin ya da ses kaydının dil kodu tur
044 ## - YAYINLAYAN/ÜRETEN KURULUŞUN ÜLKE KODU
ISO country code tu
050 ## - SINIFLAMA ve YER NUMARASI
Sınıflama Numarası PL248.D34
Yer Numarası K67 2007
100 1# - KİŞİ ADI
Yazar Adı (Kişi adı) Dağcı, Cengiz.
245 1# - ESER ADI BİLDİRİMİ
Başlık Korkunç yıllar/
Sorumluluk Bildirimi Cengiz Dağcı ; Cengiz Dağcı.
264 #1 - ÜRERİM, YAYIN, DAĞITIM ve TELİF BİLDİRİMİ
Yayın yeri İstanbul :
Yayınlayan Ötüken Neşriyat
Yayın tarihi 2007
300 ## - FİZİKSEL TANIMLAMA
Sayfa, Cilt vb. 228 sayfa; 23 cm.
336 ## - İÇERİK TÜRÜ
Content type term metin
Content type code txt
Source rdacontent
337 ## - MEDYA TÜRÜ
Media type term aracısız
Media type code n
Source rdamedia
338 ## - TAŞIYICI TÜRÜ
Carrier type term cilt
Carrier type code nc
Source rdacarrier
490 1# - DİZİ BİLDİRİMİ
Dizi Bildirimi Ötüken Yayınları ;
Cilt Numarası 201.
490 1# - DİZİ BİLDİRİMİ
Dizi Bildirimi Edebi Eserler ;
Cilt Numarası 97.
505 ## - İÇİNDEKİLER NOTU
İçindekiler Notu Henüz öğrenci iken, askere alınan ve ikinci Dünya Savaşı'na sürülen Kırımlı bir gencin, Teğmen Sadık Turan'ın acıklı hikâyesi. Roman, Teğmen Sadık Turan'ın hatıraları olarak anlatılmaktadır. Rusların zulmünden kaçarken Almanlara esir düşer ve esir kampında bir arada tutunmaya çalışan bir avuç arkadaşıyla Almanlar tarafından kurulan Türkistan Kurtuluş Lejyonuna katılır. Ruslarla Almanların arasında kalan ve birinden zulüm diğerinden iki yüzlülükten başka bir şey görmeyen Kırım Türklerinin yalnızlıkları...
830 1# - SERİ EK GİRİŞİ - TEKBİÇİM ESER ADI
Tekbiçim Başlık Ötüken Yayınları ;
Volume number/sequential designation 201.
9 (RLIN) 10154
830 1# - SERİ EK GİRİŞİ - TEKBİÇİM ESER ADI
Tekbiçim Başlık Edebi Eserler ;
Volume number/sequential designation 97.
9 (RLIN) 15677
907 ## - LOCAL DATA ELEMENT G, LDG (RLIN)
a Roman
942 ## - EK GİRİŞ ÖGELERİ (KOHA)
Source of classification or shelving scheme Library of Congress Classification
Koha item type Book
Holdings
Materyal Türü Kalıcı Konum Mevcut Konum Raf Yeri Sınıflandırma Kaynağı Edinim Bilgisi Ana Konular Alt Konular Yer Numarası Demirbaş Numarası Fatura Tarihi Maliyet, Alış Fiyatı Maliyet, Yenileme Fiyatı Geri Çekilme Durumu Kayıp Durumu Hasarlı Durumu Kredi için değil Kayıt Tarih Toplam Ödünçverme Son Görülme Tarihi Son Kontrol Tarihi Genel / Bağış Notu
Book BŞEÜ Bozüyük MYO Kütüphanesi BŞEÜ Bozüyük MYO Kütüphanesi   Library of Congress Classification Satın DİL VE EDEBİYAT Doğu Asya, Afrika, Okyanusya Dilleri ve Edebiyatları PL248.D34 K67 2007 0024943 15/12/2010 8.78 8.78         26/11/2010   05/12/2024 05/12/2024  
Book Prof. Dr. Azmi Özcan Kütüphanesi Prof. Dr. Azmi Özcan Kütüphanesi Birûni Salonu Library of Congress Classification Bağış DİL VE EDEBİYAT Doğu Asya, Afrika, Okyanusya Dilleri ve Edebiyatları PL248.D34 K67 2007 0009412 13/08/2010 12.00 12.00         20/10/2009 7 05/12/2024 05/12/2024 Ötüken Yayınevi